Teorías de pragmática, de lingüística textual y de análisis del discurso
Shranjeno v:
| Glavni avtor: | |
|---|---|
| Format: | Knjiga |
| Jezik: | španščina |
| Izdano: |
Cuenca
Universidad de Castilla-La Mancha
2006
|
| Izdaja: | 1a. ed |
| Serija: | Monografías, 49
|
| Teme: | |
| Oznake: |
Označite
Brez oznak, prvi označite!
|
MARC
| LEADER | 00000nam a2200000 a 4500 | ||
|---|---|---|---|
| 001 | UCI9340 | ||
| 003 | CL-VaPUC | ||
| 008 | 081113e20060000SP |||||||||||||||||spa|d | ||
| 020 | |a 8484274195 | ||
| 082 | 0 | 4 | |a 401.41 |b HER |2 21 |
| 100 | |a Herrero Cecilia, Juan |e author |9 533019 | ||
| 245 | 1 | 0 | |a Teorías de pragmática, de lingüística textual y de análisis del discurso |
| 250 | |a 1a. ed | ||
| 300 | |a 205 p | ||
| 942 | |c BK | ||
| 945 | |d 20081113 00:00:00 |a rbrito | ||
| 260 | |a Cuenca |b Universidad de Castilla-La Mancha |c 2006 | ||
| 650 | 0 | |a Análisis del discurso |9 256696 | |
| 650 | 0 | |a Oratoria |9 307605 | |
| 650 | 0 | |a Lingüística aplicada |9 313266 | |
| 650 | 0 | |a Lingüística |9 265068 | |
| 583 | |a last modification |c 20081113 00:00:00 |k Rodrigo Vera | ||
| 490 | 0 | |a Monografías, 49 | |
| 999 | |c 331899 |d 331897 | ||
| 952 | |0 0 |1 0 |4 0 |6 401_410000000000000_HER_2006 |7 0 |8 A |9 419113 |a FDOPOS |b BIBEDU |d 2019-11-22 |i 4495608 |l 1 |o 401.41 HER 2006 |p 4495608 |r 2025-01-22 |s 2024-10-17 |w 2019-11-22 |y BK |k MLA | ||